[Event "Bydgoszcz PGNiG Blitz"]
[Site "Bydgoszcz"]
[Date "2021.09.19"]
[Round "8"]
[White "Kacprzak, Karol1111"]
[Black "Jagodzinski, Piotr"]
[Result "0-1"]
[WhiteElo "2200"]
[BlackElo "2145"]
[PlyCount "90"]
[EventDate "2021.09.19"]
[EventType "swiss (blitz)"]
[EventRounds "13"]
[EventCountry "POL"]
[SourceTitle "CBM 204 Extra"]
[Source "ChessBase"]
[SourceDate "2021.11.30"]
[SourceVersion "1"]
[SourceVersionDate "2021.11.30"]
[SourceQuality "1"]

1. e4 c6 2. d4 d5 3. e5 Bf5 4. c4 e6 5. Nc3 Nd7 6. Nge2 a6 7. Ng3 Bg6 8. h4 h6 9. h5 Bh7 10. Qg4 Ne7 11. Be2 Nf5 12. Nxf5 Bxf5 13. Qf4 Be7 14. g4 Bh7 15. Qg3 dxc4 16. Bxc4 Nb6 17. Be2 Qxd4 18. 0-0 Nd5 19. Nxd5 cxd5 20. Be3 Qb4 21. g5 hxg5 22. Bxg5 Bxg5 23. Qxg5 Qe4 24. Rfe1 Qf5 25. Qg3 0-0 26. Rad1 Rac8 27. Bd3 Qxh5 28. Bxh7+ Qxh7 29. Rd4 Rc4 30. Rxc4 dxc4 31. Qg4 b5 32. Re3 Rd8 33. Rg3 Rd3 34. Rxd3 Qxd3 35. Qh4 b4 36. Qe7 c3 37. bxc3 bxc3 38. Qe8+ Kh7 39. Qxf7 Qb1+ 40. Kh2 Qf5 41. Qc7 Qxf2+ 42. Kh3 c2 43. Qc4 Qe3+ 44. Kg2 Qg5+ 45. Kf2 c1Q 0-1

[Event "Bydgoszcz PGNiG Rapid"]
[Site "Bydgoszcz"]
[Date "2021.09.18"]
[Round "6"]
[White "Jagodzinski, Piotr"]
[Black "Dziuba, Marcin"]
[Result "1-0"]
[WhiteElo "2145"]
[BlackElo "2578"]
[PlyCount "157"]
[EventDate "2021.09.18"]
[EventType "swiss (rapid)"]
[EventRounds "9"]
[EventCountry "POL"]
[SourceTitle "CBM 204 Extra"]
[Source "ChessBase"]
[SourceDate "2021.11.30"]
[SourceVersion "1"]
[SourceVersionDate "2021.11.30"]
[SourceQuality "1"]

1. Nf3 d5 2. b3 Nf6 3. Bb2 Bf5 4. e3 e6 5. d4 Bd6 6. Bd3 Ne4 7. 0-0 Bg4 8. c4 c6 9. h3 Bh5 10. Be2 0-0 11. Nc3 f5 12. Ne5 Bxe2 13. Nxe2 Nd7 14. f3 Ng5 15. Nf4 Qe7 16. a3 a5 17. Qd3 Nf7 18. Nxd7 Qxd7 19. Ne2 Bc7 20. e4 a4 21. e5 axb3 22. Qxb3 dxc4 23. Qxc4 Qd5 24. Qc2 g5 25. Kh1 Bd8 26. Bc3 Be7 27. Rfb1 c5 28. Rb5 Rfc8 29. Qb2 Ra7 30. Be1 b6 31. Bf2 Rca8 32. Rxb6 cxd4 33. Bxd4 Rxa3 34. Rb8+ Kg7 35. Rxa3 Rxa3 36. Qb7 Qxb7 37. Rxb7 Bf8 38. Kh2 Ra2 39. Ng3 Rd2 40. Bb2 Kg6 41. Bc3 Rc2 42. Bb2 h5 43. Nf1 Bc5 44. Rb5 Bf2 45. Rb3 h4 46. Rb4 f4 47. Bd4 Kf5 48. Bxf2 Rxf2 49. Kg1 Re2 50. Nh2 Nxe5 51. Ng4 Nxg4 52. hxg4+ Kf6 53. Rb5 Rd2 54. Ra5 e5 55. Ra6+ Kf7 56. Rb6 Re2 57. Kf1 Rd2 58. Kg1 Ke7 59. Rg6 e4 60. fxe4 Rd1+ 61. Kf2 Rd2+ 62. Kf3 Rd3+ 63. Kf2 Rd2+ 64. Kf1 Rd1+ 65. Ke2 Rd4 66. Rxg5 Rxe4+ 67. Kf3 Re3+ 68. Kxf4 Rg3 69. Re5+ Kf7 70. Re2 Kf6 71. Ra2 Kg7 72. Kg5 h3 73. gxh3 Rxh3 74. Ra7+ Kf8 75. Kg6 Rc3 76. Ra8+ Ke7 77. g5 Rf3 78. Kg7 Rf7+ 79. Kg8 1-0

[Event "EU-ch qual Online"]
[Site "Tornelo INT"]
[Date "2020.12.18"]
[Round "10"]
[White "Sliwicka, Alicja"]
[Black "Jagodzinski, Piotr"]
[Result "0-1"]
[WhiteElo "2311"]
[BlackElo "2145"]
[PlyCount "64"]
[EventDate "2020.12.18"]
[EventType "swiss"]
[EventRounds "11"]
[EventCountry "POL"]
[SourceTitle "CBM 199 Extra"]
[Source "ChessBase"]
[SourceDate "2021.01.31"]
[SourceVersion "1"]
[SourceVersionDate "2021.01.31"]
[SourceQuality "1"]

1. e4 c6 2. d4 d5 3. e5 Bf5 4. c4 e6 5. Nc3 Nd7 6. a3 Ne7 7. c5 h6 8. Be3 g5 9. Nge2 Bg7 10. Ng3 Bg6 11. Nh5 Bxh5 12. Qxh5 b6 13. b4 a5 14. Rb1 axb4 15. axb4 Ra3 16. Bd2 Nf5 17. Bd3 Nxd4 18. 0-0 bxc5 19. bxc5 Nxc5 20. Qh3 Bxe5 21. Qe3 Qf6 22. Ra1 Rxa1 23. Rxa1 0-0 24. h4 Bf4 25. hxg5 hxg5 26. Qh3 Nxd3 27. Qxd3 Bxd2 28. Qxd2 Nb3 29. Qb2 Nxa1 30. Qxa1 c5 31. Qc1 Ra8 32. Qd2 Ra1+ 0-1

[Event "POL-ch rapid"]
[Site "Zgierz"]
[Date "2019.10.06"]
[Round "5"]
[White "Jagodzinski, Piotr"]
[Black "Dobrowolski, Piotr"]
[Result "1-0"]
[WhiteElo "2161"]
[BlackElo "2415"]
[PlyCount "130"]
[EventDate "2019.10.06"]
[EventType "swiss (rapid)"]
[EventRounds "11"]
[EventCountry "POL"]
[SourceTitle "EXT 2020"]
[Source "ChessBase"]
[SourceDate "2019.10.17"]
[SourceVersion "1"]
[SourceVersionDate "2019.10.17"]
[SourceQuality "1"]

1. Nf3 Nf6 2. b3 d5 3. Bb2 Bf5 4. e3 e6 5. d4 h6 6. Bd3 Bxd3 7. Qxd3 c5 8. dxc5 Bxc5 9. 0-0 0-0 10. c4 dxc4 11. Qxc4 Be7 12. Nc3 Nc6 13. Rfd1 Qa5 14. Ne4 Nd5 15. Ng3 Bf6 16. Bxf6 Nxf6 17. Qc2 Rac8 18. Ne4 Nxe4 19. Qxe4 Rfd8 20. Rxd8+ Rxd8 21. h3 Qc3 22. Rb1 a5 23. Qc4 Qb4 24. Rc1 Rd5 25. Qc2 Qd6 26. Qb1 Qd8 27. Kh2 g5 28. Qe4 Qd6+ 29. g3 Kg7 30. h4 f5 31. Qc4 g4 32. Qc3+ e5 33. Ne1 Kg6 34. Qc4 Kg7 35. Ng2 Rd2 36. Rc2 Rd1 37. Rc1 Rxc1 38. Qxc1 Qd5 39. Qc2 Kf6 40. a3 Qd6 41. Qb2 Kg6 42. Qc1 Kf6 43. e4 f4 44. Qc4 Ne7 45. b4 axb4 46. axb4 fxg3+ 47. fxg3 Qd4 48. Qf1+ Ke6 49. Qe2 h5 50. Qa2+ Kd6 51. Qf7 Qxe4 52. Qxh5 Nd5 53. Qh6+ Kc7 54. h5 Qe2 55. Qc1+ Kd7 56. h6 Qe4 57. Qg5 Ke6 58. Qg8+ Kd7 59. Qf7+ Kc6 60. h7 Ne3 61. Nxe3 Qxe3 62. h8Q Qe2+ 63. Kg1 Qe1+ 64. Qf1 Qe3+ 65. Qf2 Kd5 1-0

[Event "POL-ch blitz"]
[Site "Chorzow"]
[Date "2019.04.12"]
[Round "10"]
[White "Jagodzinski, Piotr"]
[Black "Jakubowski, Krzysztof"]
[Result "1-0"]
[WhiteElo "2161"]
[BlackElo "2510"]
[PlyCount "81"]
[EventDate "2019.04.12"]
[EventType "swiss (blitz)"]
[EventRounds "15"]
[EventCountry "POL"]
[SourceTitle "CBM 189 Extra"]
[Source "ChessBase"]
[SourceDate "2019.06.03"]
[SourceVersion "1"]
[SourceVersionDate "2019.06.03"]
[SourceQuality "1"]

1. Nf3 d5 2. b3 Bf5 3. Bb2 e6 4. e3 h6 5. d3 Nf6 6. Nbd2 Be7 7. Ne5 Nbd7 8. Nxd7 Qxd7 9. Be2 0-0 10. 0-0 a5 11. a4 Bh7 12. Nf3 Qd6 13. Be5 Qb6 14. Qc1 Nd7 15. Bc3 c5 16. Qb2 f6 17. d4 Rfc8 18. Bb5 Nf8 19. Rac1 Rc7 20. dxc5 Bxc5 21. Bd4 Rac8 22. c4 Be4 23. Bxc5 Rxc5 24. Qd4 Bxf3 25. gxf3 Ng6 26. Kh1 Ne7 27. Rg1 Nf5 28. Qf4 Qd6 29. Qg4 Qe7 30. Rcd1 Nd6 31. cxd5 exd5 32. Rd4 Nxb5 33. axb5 Rd8 34. b4 Rxb5 35. bxa5 Rxa5 36. e4 Qd7 37. Qg6 Kh8 38. exd5 Rg8 39. Rh4 Ra6 40. Rxh6+ gxh6 41. Qxg8# 1-0

[Event "POL-ch blitz"]
[Site "Chorzow"]
[Date "2019.04.12"]
[Round "9"]
[White "Jagodzinski, Piotr"]
[Black "Sliwicki, Damian"]
[Result "1-0"]
[WhiteElo "2161"]
[BlackElo "2232"]
[PlyCount "69"]
[EventDate "2019.04.12"]
[EventType "swiss (blitz)"]
[EventRounds "15"]
[EventCountry "POL"]
[SourceTitle "CBM 189 Extra"]
[Source "ChessBase"]
[SourceDate "2019.06.03"]
[SourceVersion "1"]
[SourceVersionDate "2019.06.03"]
[SourceQuality "1"]

1. Nf3 c5 2. b3 Nc6 3. Bb2 d6 4. e3 e5 5. d3 g6 6. Be2 Bg7 7. Qc1 Nge7 8. 0-0 0-0 9. Nbd2 f5 10. c4 Be6 11. Rd1 Qc7 12. Nf1 h6 13. d4 cxd4 14. exd4 e4 15. d5 exf3 16. Bxf3 Bxb2 17. Qxb2 Ne5 18. dxe6 Nxf3+ 19. gxf3 Rae8 20. Ne3 g5 21. Nd5 Nxd5 22. cxd5 g4 23. f4 Qe7 24. Rac1 Rc8 25. Rxc8 Rxc8 26. Rc1 Rxc1+ 27. Qxc1 Kh7 28. Qc8 Kg6 29. Qg8+ Kf6 30. Qh8+ Kg6 31. Qg8+ Kf6 32. Qc8 Kg6 33. Kg2 Kh5 34. Qg8 Qh4 35. Qf7# 1-0

[Event "POL-ch blitz"]
[Site "Chorzow"]
[Date "2019.04.12"]
[Round "12"]
[White "Jagodzinski, Piotr"]
[Black "Wojtaszek, Radoslaw"]
[Result "0-1"]
[WhiteElo "2161"]
[BlackElo "2724"]
[PlyCount "46"]
[EventDate "2019.04.12"]
[EventType "swiss (blitz)"]
[EventRounds "15"]
[EventCountry "POL"]
[SourceTitle "CBM 189 Extra"]
[Source "ChessBase"]
[SourceDate "2019.06.03"]
[SourceVersion "1"]
[SourceVersionDate "2019.06.03"]
[SourceQuality "1"]

1. Nf3 d5 2. b3 Bg4 3. e3 Nd7 4. Be2 c6 5. Bb2 Ngf6 6. 0-0 e6 7. Ne5 Bxe2 8. Qxe2 Nxe5 9. Bxe5 Bd6 10. f4 0-0 11. d3 Bxe5 12. fxe5 Nd7 13. d4 f6 14. exf6 Nxf6 15. Nd2 Qa5 16. Qd3 Rad8 17. Rae1 Qc7 18. e4 e5 19. dxe5 Qxe5 20. Nf3 Qh5 21. exd5 Qxd5 22. Qxd5+ Nxd5 23. Re7 Nxe7 0-1

[Event "POL-ch blitz"]
[Site "Chorzow"]
[Date "2019.04.12"]
[Round "14"]
[White "Nasuta, Grzegorz"]
[Black "Jagodzinski, Piotr"]
[Result "0-1"]
[WhiteElo "2516"]
[BlackElo "2161"]
[PlyCount "76"]
[EventDate "2019.04.12"]
[EventType "swiss (blitz)"]
[EventRounds "15"]
[EventCountry "POL"]
[SourceTitle "CBM 189 Extra"]
[Source "ChessBase"]
[SourceDate "2019.06.03"]
[SourceVersion "1"]
[SourceVersionDate "2019.06.03"]
[SourceQuality "1"]

1. e4 c6 2. d4 d5 3. exd5 cxd5 4. Bd3 Nf6 5. Bf4 Nc6 6. c3 Bg4 7. Qb3 Qc8 8. Nd2 e6 9. Ngf3 Be7 10. 0-0 0-0 11. Rae1 Bh5 12. Ne5 Nxe5 13. Bxe5 Bg6 14. Bxg6 hxg6 15. a3 Qc6 16. Re3 b5 17. Nf3 Ng4 18. Ree1 a5 19. h3 Nf6 20. Bf4 b4 21. Ne5 Qa6 22. axb4 axb4 23. cxb4 Qb5 24. Nd3 Ne4 25. Ra1 Bf6 26. Be5 Nd2 27. Qc3 Nxf1 28. Rxf1 Rfc8 29. Qd2 Bxe5 30. Nxe5 Rab8 31. Qf4 Rb7 32. h4 Qxb4 33. Qg4 Qxb2 34. Nxg6 Rc1 35. Nf4 Rxf1+ 36. Kxf1 Qb1+ 37. Ke2 Qe4+ 38. Kd2 Rb2+ 0-1

[Event "POL-ch blitz"]
[Site "Szczawno Zdroj"]
[Date "2018.12.16"]
[Round "2"]
[White "Adamczewski, Maciej"]
[Black "Jagodzinski, Piotr"]
[Result "0-1"]
[WhiteElo "2080"]
[BlackElo "2163"]
[PlyCount "91"]
[EventDate "2018.12.16"]
[EventType "swiss (blitz)"]
[EventRounds "15"]
[EventCountry "POL"]
[SourceTitle "CBM 187 Extra"]
[Source "ChessBase"]
[SourceDate "2018.11.04"]
[SourceVersion "1"]
[SourceVersionDate "2018.11.04"]
[SourceQuality "1"]

1. d4 Nf6 2. Nf3 e6 3. c4 b6 4. g3 Bb7 5. Bg2 Be7 6. 0-0 0-0 7. Nc3 d5 8. Ne5 c6 9. e4 Nbd7 10. cxd5 cxd5 11. Nxd7 Qxd7 12. e5 Ne8 13. Re1 b5 14. a3 a5 15. Bf1 Nc7 16. Qb3 Ba6 17. Bd2 Rfb8 18. Qc2 b4 19. axb4 Bxf1 20. Rxf1 axb4 21. Rxa8 Rxa8 22. Nd1 Nb5 23. Qd3 Qc6 24. Ne3 Qb6 25. Nc2 h6 26. Rd1 Nc7 27. Qb3 Qb5 28. Rc1 Na6 29. Na3 Qb6 30. Nc2 Rc8 31. Be3 Rc4 32. Qd3 b3 33. Na1 Nb4 34. Qxb3 Rxc1+ 35. Bxc1 Qxd4 36. Be3 Qxe5 37. Nc2 Qe4 38. Nd4 Nd3 39. Qb8+ Kh7 40. Qe8 Bf6 41. Ne2 Ne1 42. Nc3 Nf3+ 43. Kf1 Qd3+ 44. Kg2 Ne5 45. Qa8 d4 46. Qe4+ 0-1

[Event "POL-ch blitz"]
[Site "Szczawno Zdroj"]
[Date "2018.12.16"]
[Round "10"]
[White "Cyborowski, Lukasz"]
[Black "Jagodzinski, Piotr"]
[Result "1-0"]
[WhiteElo "2524"]
[BlackElo "2163"]
[PlyCount "126"]
[EventDate "2018.12.16"]
[EventType "swiss (blitz)"]
[EventRounds "15"]
[EventCountry "POL"]
[SourceTitle "CBM 187 Extra"]
[Source "ChessBase"]
[SourceDate "2018.11.04"]
[SourceVersion "1"]
[SourceVersionDate "2018.11.04"]
[SourceQuality "1"]

1. e4 c6 2. c4 e5 3. Nf3 d6 4. Nc3 Nf6 5. d4 Nbd7 6. Be2 Be7 7. 0-0 0-0 8. Rb1 a5 9. b3 Qc7 10. Re1 Re8 11. Bf1 exd4 12. Nxd4 Bf8 13. h3 Nc5 14. Qc2 Nfd7 15. Be3 Ne5 16. Rbd1 Ne6 17. Nf5 Nc5 18. Nd4 Ne6 19. f4 Ng6 20. Nxe6 fxe6 21. g3 Be7 22. h4 Bf6 23. c5 d5 24. e5 Nxe5 25. fxe5 Qxe5 26. Na4 Qxg3+ 27. Qg2 Qxh4 28. Nb6 Rb8 29. Qh3 e5 30. Nxc8 Rbxc8 31. Qxh4 Bxh4 32. Re2 Rcd8 33. Bh3 d4 34. Bd2 d3 35. Re4 Rd4 36. Rxd4 exd4 37. Bf1 Re5 38. Rc1 Be7 39. Bxd3 Bxc5 40. Bxa5 g5 41. Bc7 Re3 42. Rd1 h5 43. Bg3 Kg7 44. Bf2 Re7 45. a3 g4 46. b4 Bb6 47. Kg2 Kh6 48. a4 Kg5 49. a5 Ba7 50. Rh1 Re6 51. Bc4 Re5 52. Bd3 Re6 53. Bh4+ Kh6 54. Bf2 Kg5 55. Bh4+ Kh6 56. Be1 Re3 57. Bd2 Kg5 58. Bxe3+ dxe3 59. Rf1 h4 60. Rf5+ Kh6 61. Rf7 h3+ 62. Kg3 Bb8+ 63. Kxg4 e2 1-0

[Event "POL-ch blitz"]
[Site "Szczawno Zdroj"]
[Date "2018.12.16"]
[Round "8"]
[White "Luch, Michal"]
[Black "Jagodzinski, Piotr"]
[Result "1-0"]
[WhiteElo "2360"]
[BlackElo "2163"]
[PlyCount "95"]
[EventDate "2018.12.16"]
[EventType "swiss (blitz)"]
[EventRounds "15"]
[EventCountry "POL"]
[SourceTitle "CBM 187 Extra"]
[Source "ChessBase"]
[SourceDate "2018.11.04"]
[SourceVersion "1"]
[SourceVersionDate "2018.11.04"]
[SourceQuality "1"]

1. d4 Nf6 2. c4 c5 3. d5 b5 4. Qc2 d6 5. e4 g6 6. f4 Bg7 7. Nf3 0-0 8. cxb5 a6 9. Nc3 Ne8 10. Bd3 axb5 11. Bxb5 Nc7 12. Bc4 Ba6 13. Bxa6 Nbxa6 14. 0-0 Qb8 15. a3 Nb5 16. Bd2 Nd4 17. Nxd4 cxd4 18. Na4 Rc8 19. Qd3 Nc5 20. Nxc5 dxc5 21. b3 Qb6 22. a4 e6 23. dxe6 Qxe6 24. Rac1 Rab8 25. Rc4 Rb7 26. Rfc1 Rcb8 27. Rb1 Bf8 28. h3 Re8 29. e5 Qd5 30. a5 Reb8 31. Kh2 g5 32. Qg3 Be7 33. fxg5 d3 34. Rc3 Rxb3 35. Rbxb3 Rxb3 36. Rxb3 Qxb3 37. a6 Qa2 38. Qxd3 c4 39. Qd7 Kg7 40. e6 Qa3 41. Bf4 f6 42. gxf6+ Kxf6 43. a7 c3 44. Qd4+ Kxe6 45. Qe4+ Kd7 46. a8Q c2 47. Qxa3 Bxa3 48. Qd3+ 1-0

[Event "POL-ch blitz"]
[Site "Szczawno Zdroj"]
[Date "2018.12.16"]
[Round "12"]
[White "Stachowiak, Kamil"]
[Black "Jagodzinski, Piotr"]
[Result "0-1"]
[WhiteElo "2427"]
[BlackElo "2163"]
[PlyCount "82"]
[EventDate "2018.12.16"]
[EventType "swiss (blitz)"]
[EventRounds "15"]
[EventCountry "POL"]
[SourceTitle "CBM 187 Extra"]
[Source "ChessBase"]
[SourceDate "2018.11.04"]
[SourceVersion "1"]
[SourceVersionDate "2018.11.04"]
[SourceQuality "1"]

1. d4 Nf6 2. Nf3 e6 3. c4 d5 4. Nc3 Be7 5. Bg5 0-0 6. e3 a6 7. cxd5 exd5 8. Bd3 Nbd7 9. Qc2 h6 10. Bf4 c6 11. 0-0-0 b5 12. Kb1 Qa5 13. Ne5 Nxe5 14. dxe5 Nd7 15. Ne2 c5 16. Bh7+ Kh8 17. Rxd5 Nb6 18. Rdd1 Be6 19. Nc1 Nc4 20. Bf5 Qb4 21. Nb3 Nxb2 22. Bxe6 Nxd1 23. Rxd1 fxe6 24. Ka1 Rfd8 25. Rc1 c4 26. Nd4 Bc5 27. Bxh6 Rxd4 28. Qg6 Ra7 29. Bxg7+ Rxg7 30. Qh6+ Kg8 31. Qxe6+ Rf7 32. Qg6+ Kf8 33. Qh6+ Ke7 34. e6 Rd2 35. Qg5+ Kxe6 36. Qg4+ Ke7 37. Qg5+ Kd7 38. Qg4+ Kc7 39. Qg3+ Kb7 40. Qe5 Rfxf2 41. Qe4+ Kb6 0-1

[Event "Wroclaw Anderssen Memorial op"]
[Site "Wroclaw"]
[Date "2018.08.05"]
[Round "11"]
[White "Kowalczyk, Pawel"]
[Black "Jagodzinski, Piotr"]
[Result "0-1"]
[WhiteElo "2337"]
[BlackElo "2226"]
[PlyCount "100"]
[EventDate "2018.08.04"]
[EventType "swiss (rapid)"]
[EventRounds "13"]
[EventCountry "POL"]
[SourceTitle "CBM 185 Extra"]
[Source "ChessBase"]
[SourceDate "2018.07.29"]
[SourceVersion "1"]
[SourceVersionDate "2018.07.29"]
[SourceQuality "1"]

1. e4 c6 2. c4 e5 3. Nc3 Nf6 4. Nf3 d6 5. g3 Be7 6. Bg2 0-0 7. 0-0 Nbd7 8. d4 a6 9. a4 a5 10. Qc2 Re8 11. Rd1 exd4 12. Nxd4 Qc7 13. Bf4 Ne5 14. h3 Nxc4 15. b3 Ne5 16. Nd5 Qd8 17. Nxe7+ Qxe7 18. Ne2 Rd8 19. Nc3 Be6 20. Be3 Ned7 21. Rd2 Nc5 22. Bxc5 dxc5 23. e5 Nd5 24. Ne4 b6 25. Rad1 Nb4 26. Qc3 Bd5 27. f4 Qe6 28. Kh2 Rf8 29. Ng5 Qg6 30. Nf3 Rae8 31. Re1 f6 32. Rde2 Qd3 33. Qxd3 Nxd3 34. Rd1 Nb4 35. Re3 Bxf3 36. Bxf3 fxe5 37. fxe5 Nc2 38. Red3 Nd4 39. Rxd4 cxd4 40. Bxc6 Rxe5 41. Rxd4 h5 42. Rd2 g5 43. Kg2 Kg7 44. Bf3 h4 45. gxh4 Re3 46. Rd7+ Kh8 47. Bg4 gxh4 48. Rd6 Rg3+ 49. Kh2 Rf2+ 50. Kh1 Rxb3 0-1